<?xml version="1.0" encoding="UTF-8"?>
<collection xmlns="http://www.loc.gov/MARC21/slim">
 <record>
  <leader>03412cam a2200721 c 4500</leader>
  <controlfield tag="001">21358901X</controlfield>
  <controlfield tag="003">DE-627</controlfield>
  <controlfield tag="005">20260218172703.0</controlfield>
  <controlfield tag="007">tu</controlfield>
  <controlfield tag="008">960806s1996    fr |||||      00| ||fre c</controlfield>
  <datafield tag="020" ind1=" " ind2=" ">
   <subfield code="a">9782903239206</subfield>
  </datafield>
  <datafield tag="020" ind1=" " ind2=" ">
   <subfield code="a">2903239207</subfield>
  </datafield>
  <datafield tag="035" ind1=" " ind2=" ">
   <subfield code="a">(DE-627)21358901X</subfield>
  </datafield>
  <datafield tag="035" ind1=" " ind2=" ">
   <subfield code="a">(DE-603)06101219X</subfield>
  </datafield>
  <datafield tag="035" ind1=" " ind2=" ">
   <subfield code="a">(DE-576)050674471</subfield>
  </datafield>
  <datafield tag="035" ind1=" " ind2=" ">
   <subfield code="a">(DE-599)GBV21358901X</subfield>
  </datafield>
  <datafield tag="035" ind1=" " ind2=" ">
   <subfield code="a">(OCoLC)260053243</subfield>
  </datafield>
  <datafield tag="035" ind1=" " ind2=" ">
   <subfield code="a">(OCoLC)36284543</subfield>
  </datafield>
  <datafield tag="035" ind1=" " ind2=" ">
   <subfield code="a">(OCoLC)35452774</subfield>
  </datafield>
  <datafield tag="040" ind1=" " ind2=" ">
   <subfield code="a">DE-627</subfield>
   <subfield code="b">ger</subfield>
   <subfield code="c">DE-627</subfield>
   <subfield code="e">rakwb</subfield>
  </datafield>
  <datafield tag="041" ind1=" " ind2=" ">
   <subfield code="a">fre</subfield>
  </datafield>
  <datafield tag="044" ind1=" " ind2=" ">
   <subfield code="c">XA-FR</subfield>
  </datafield>
  <datafield tag="050" ind1=" " ind2="0">
   <subfield code="a">N8660.P25</subfield>
  </datafield>
  <datafield tag="084" ind1=" " ind2=" ">
   <subfield code="a">9,10</subfield>
   <subfield code="2">ssgn</subfield>
  </datafield>
  <datafield tag="084" ind1=" " ind2=" ">
   <subfield code="a">LI 99999</subfield>
   <subfield code="2">rvk</subfield>
   <subfield code="0">(DE-625)rvk/97471:</subfield>
  </datafield>
  <datafield tag="084" ind1=" " ind2=" ">
   <subfield code="a">20.14</subfield>
   <subfield code="2">bkl</subfield>
  </datafield>
  <datafield tag="100" ind1="1" ind2=" ">
   <subfield code="a">Edwards, JoLynn</subfield>
   <subfield code="d">1948-</subfield>
   <subfield code="0">(DE-588)137135939</subfield>
   <subfield code="0">(DE-627)589946293</subfield>
   <subfield code="0">(DE-576)302162232</subfield>
   <subfield code="4">aut</subfield>
  </datafield>
  <datafield tag="245" ind1="1" ind2="0">
   <subfield code="a">Alexandre-Joseph Paillet</subfield>
   <subfield code="b">expert et marchand de tableaux à la fin du XVIIIe siècle</subfield>
   <subfield code="c">JoLynn Edwards. Préf. de Antoine Schnapper</subfield>
  </datafield>
  <datafield tag="264" ind1=" " ind2="1">
   <subfield code="a">Paris</subfield>
   <subfield code="b">Arthena</subfield>
   <subfield code="c">1996</subfield>
  </datafield>
  <datafield tag="300" ind1=" " ind2=" ">
   <subfield code="a">376 S.</subfield>
   <subfield code="b">Ill.</subfield>
  </datafield>
  <datafield tag="336" ind1=" " ind2=" ">
   <subfield code="a">Text</subfield>
   <subfield code="b">txt</subfield>
   <subfield code="2">rdacontent</subfield>
  </datafield>
  <datafield tag="337" ind1=" " ind2=" ">
   <subfield code="a">ohne Hilfsmittel zu benutzen</subfield>
   <subfield code="b">n</subfield>
   <subfield code="2">rdamedia</subfield>
  </datafield>
  <datafield tag="338" ind1=" " ind2=" ">
   <subfield code="a">Band</subfield>
   <subfield code="b">nc</subfield>
   <subfield code="2">rdacarrier</subfield>
  </datafield>
  <datafield tag="500" ind1=" " ind2=" ">
   <subfield code="a">Revision of thesis (doctoral)--University of Washington, 1982</subfield>
  </datafield>
  <datafield tag="505" ind1="8" ind2=" ">
   <subfield code="a">Literaturverz. S. [355] - 364</subfield>
  </datafield>
  <datafield tag="510" ind1="3" ind2=" ">
   <subfield code="a">Edwards, Paillet, 1996</subfield>
  </datafield>
  <datafield tag="583" ind1="1" ind2=" ">
   <subfield code="a">Archivierung/Langzeitarchivierung gewährleistet</subfield>
   <subfield code="f">SSG</subfield>
   <subfield code="x">XA-DE-BW</subfield>
   <subfield code="2">pdager</subfield>
   <subfield code="5">DE-16</subfield>
  </datafield>
  <datafield tag="583" ind1="1" ind2=" ">
   <subfield code="a">Archivierung prüfen</subfield>
   <subfield code="c">20240324</subfield>
   <subfield code="f">DE-4165</subfield>
   <subfield code="z">2</subfield>
   <subfield code="2">pdager</subfield>
  </datafield>
  <datafield tag="583" ind1="1" ind2=" ">
   <subfield code="a">Archivierung/Langzeitarchivierung gewährleistet</subfield>
   <subfield code="f">SLG</subfield>
   <subfield code="z">Frankreichforschung</subfield>
   <subfield code="2">pdager</subfield>
   <subfield code="5">DE-77</subfield>
  </datafield>
  <datafield tag="600" ind1="1" ind2="7">
   <subfield code="0">(DE-588)119460890</subfield>
   <subfield code="0">(DE-627)080275281</subfield>
   <subfield code="0">(DE-576)183156765</subfield>
   <subfield code="a">Paillet, Alexandre J.</subfield>
   <subfield code="d">1743-1814</subfield>
   <subfield code="2">gnd</subfield>
  </datafield>
  <datafield tag="648" ind1=" " ind2="7">
   <subfield code="a">Geschichte 1700-1799</subfield>
   <subfield code="2">gnd</subfield>
  </datafield>
  <datafield tag="650" ind1="0" ind2="7">
   <subfield code="0">(DE-588)4033647-5</subfield>
   <subfield code="0">(DE-627)104476397</subfield>
   <subfield code="0">(DE-576)209002956</subfield>
   <subfield code="a">Kunsthandel</subfield>
   <subfield code="2">gnd</subfield>
  </datafield>
  <datafield tag="653" ind1=" " ind2="0">
   <subfield code="a">Paillet, A. J</subfield>
   <subfield code="a">(Alexandre Joseph)</subfield>
  </datafield>
  <datafield tag="653" ind1=" " ind2="0">
   <subfield code="a">Art dealers</subfield>
   <subfield code="a">France</subfield>
   <subfield code="a">Paris</subfield>
  </datafield>
  <datafield tag="653" ind1=" " ind2="0">
   <subfield code="a">Art auctions</subfield>
   <subfield code="a">France</subfield>
   <subfield code="a">Paris</subfield>
   <subfield code="a">History</subfield>
   <subfield code="a">18th century</subfield>
  </datafield>
  <datafield tag="653" ind1=" " ind2="0">
   <subfield code="a">Art auctions</subfield>
   <subfield code="a">France</subfield>
   <subfield code="a">Paris</subfield>
   <subfield code="a">History</subfield>
   <subfield code="a">19th century</subfield>
  </datafield>
  <datafield tag="689" ind1="0" ind2="0">
   <subfield code="d">p</subfield>
   <subfield code="0">(DE-588)119460890</subfield>
   <subfield code="0">(DE-627)080275281</subfield>
   <subfield code="0">(DE-576)183156765</subfield>
   <subfield code="a">Paillet, Alexandre J.</subfield>
   <subfield code="d">1743-1814</subfield>
   <subfield code="2">gnd</subfield>
  </datafield>
  <datafield tag="689" ind1="0" ind2=" ">
   <subfield code="5">(DE-627)</subfield>
  </datafield>
  <datafield tag="700" ind1="1" ind2=" ">
   <subfield code="a">Schnapper, Antoine</subfield>
   <subfield code="d">1933-2004</subfield>
   <subfield code="0">(DE-588)122239091</subfield>
   <subfield code="0">(DE-627)081821697</subfield>
   <subfield code="0">(DE-576)165360380</subfield>
   <subfield code="4">oth</subfield>
  </datafield>
  <datafield tag="700" ind1="1" ind2=" ">
   <subfield code="a">Paillet, Alexandre J.</subfield>
   <subfield code="d">1743-1814</subfield>
   <subfield code="0">(DE-588)119460890</subfield>
   <subfield code="0">(DE-627)080275281</subfield>
   <subfield code="0">(DE-576)183156765</subfield>
   <subfield code="4">oth</subfield>
  </datafield>
  <datafield tag="787" ind1="0" ind2="8">
   <subfield code="i">Rezensiert in</subfield>
   <subfield code="a">Schieder, Martin, 1965 - </subfield>
   <subfield code="t">[Rezension von: JoLynn Edwards, Alexandre-Joseph Paillet]</subfield>
   <subfield code="d">1997</subfield>
   <subfield code="w">(DE-627)1860763405</subfield>
  </datafield>
  <datafield tag="787" ind1="0" ind2="8">
   <subfield code="i">Rezension</subfield>
   <subfield code="a">Leben, Ulrich, 1959 - </subfield>
   <subfield code="t">[Rezension von: Edwards, JoLynn, Alexandre-Joseph Paillet, expert et marchand de tableaux à la fin du XVIIIe siècle]</subfield>
   <subfield code="d">2001</subfield>
   <subfield code="w">(DE-627)605853592</subfield>
  </datafield>
  <datafield tag="787" ind1="0" ind2="8">
   <subfield code="i">Rezensiert in</subfield>
   <subfield code="a">Leben, Ulrich, 1959 - </subfield>
   <subfield code="t">[Rezension von: Jo Lynn Edwards, Alexandre-Joseph Paillet, expert et marchand de tableaux à la fin du XVIIIe siècle]</subfield>
   <subfield code="d">Sigmaringen : Jan Thorbecke Verlag, 2001</subfield>
   <subfield code="w">(DE-627)1672349036</subfield>
  </datafield>
  <datafield tag="935" ind1=" " ind2=" ">
   <subfield code="a">MZFRA</subfield>
  </datafield>
  <datafield tag="935" ind1=" " ind2=" ">
   <subfield code="e">Edwards, Paillet, 1996</subfield>
   <subfield code="f">b</subfield>
  </datafield>
  <datafield tag="935" ind1=" " ind2=" ">
   <subfield code="i">Blocktest</subfield>
  </datafield>
  <datafield tag="936" ind1="r" ind2="v">
   <subfield code="a">LI 99999</subfield>
   <subfield code="b">Sonstige</subfield>
   <subfield code="k">Kunstgeschichte</subfield>
   <subfield code="k">Künstler-Monografien</subfield>
   <subfield code="k">Sonstige</subfield>
   <subfield code="0">(DE-627)1270635948</subfield>
   <subfield code="0">(DE-625)rvk/97471:</subfield>
   <subfield code="0">(DE-576)200635948</subfield>
  </datafield>
  <datafield tag="936" ind1="b" ind2="k">
   <subfield code="a">20.14</subfield>
   <subfield code="j">Kunsthandel</subfield>
   <subfield code="0">(DE-627)106406302</subfield>
  </datafield>
  <datafield tag="936" ind1="s" ind2="n">
   <subfield code="a">l300</subfield>
   <subfield code="2">mzub</subfield>
  </datafield>
  <datafield tag="951" ind1=" " ind2=" ">
   <subfield code="a">BO</subfield>
  </datafield>
  <datafield tag="990" ind1=" " ind2=" ">
   <subfield code="a">Paillet, Alexandre J.</subfield>
  </datafield>
  <datafield tag="991" ind1=" " ind2=" ">
   <subfield code="a">Rezensiertes Werk</subfield>
  </datafield>
  <datafield tag="999" ind1=" " ind2=" ">
   <subfield code="a">KXP-PPN21358901X</subfield>
   <subfield code="e">4921513341</subfield>
  </datafield>
 </record>
</collection>
